Normal view
MARC view
- Asst. Professor Sajid ullah Butt, Asst. Professor Rehan Ahmed Khan
Entry Personal Name
001 - CONTROL NUMBER
- control field: 71325
003 - CONTROL NUMBER IDENTIFIER
- control field: NUST
005 - DATE AND TIME OF LATEST TRANSACTION
- control field: 20210628204624.0
008 - FIXED-LENGTH DATA ELEMENTS
- fixed length control field: 210628|| aca||aabn | a|a d
040 ## - CATALOGING SOURCE
- Original cataloging agency: NUST
- Transcribing agency: NUST
100 ## - HEADING--PERSONAL NAME
- Personal name: Asst. Professor Sajid ullah Butt, Asst. Professor Rehan Ahmed Khan
670 ## - SOURCE DATA FOUND
- Source citation: Work cat.: (NUST): Hafiza Khadija Ijaz, Muhammad Ahsan, Tayyaba Malik, 71324, PR-SOF-1457-Design and Fabrication of Relief Robot, 2015
